Normal view
MARC view
Entry Personal Name
001 - CONTROL NUMBER
- control field: 19832
003 - CONTROL NUMBER IDENTIFIER
- control field: ARRUPE
005 - DATE AND TIME OF LATEST TRANSACTION
- control field: 20150911150257.0
008 - FIXED-LENGTH DATA ELEMENTS
- fixed length control field: 150911|| aca||aabn | a|a d
040 ## - CATALOGING SOURCE
- Original cataloging agency: ARRUPE
- Transcribing agency: ARRUPE
100 ## - HEADING--PERSONAL NAME
- Personal name: Ramsey, Ramsey Eric,
- Dates associated with a name: 1960-
670 ## - SOURCE DATA FOUND
- Source citation: Work cat.: (ARRUPE)0: Wiener, Linda, 1957- 19830, Leaving us to wonder :, c2005.